00373nam a2200157Ia 4500008004000000020001800040082001500058100001600073245002700089260003400116300001300150650001200163650001200175650001100187700001700198210210b1989 xxu||||| |||| 00| 0 eng d a81 7096 215 3 a591.5 ATWA aATWAL (A S) aApplied animal ecology aN DbKalyani Publishersc1989 aviii,245 aecology aApplied aanimal aBAINS (S S).